000 00711nas a2200253 4500
001 BR7904598
003 BR-BrBNA
005 20231205083833.0
007 ta
008 230509b bl.|||p| |||| 00| 00por d
040 _aBR-BrBNA
_bpor
_cBiblioteca Nacional de Agricultura
041 _a(Pt)
072 _aF40
100 1 _aAnon.
245 1 _aAs vantagens dos cactus, charmosos e resistentes
650 _aEcologia vegetal
650 _aCacto
650 _aMeio ambiente
650 _aTemperatura
650 _aUmidade
773 0 _tAgricultura. A Forca Verde (Brazil)
_xIssn 0100-5650
_g(Jun 1979), v. 2(19) p. 32-35
_wBR7904598
909 _a202311
_bLúcia
_c55
_dLúcia Elande
942 _2AGRIS
_n0
_cANA
999 _c101499
_d101499